Statistiques concernant Tableau périodique des éléments - Quiz

Cliquez ici pour prendre le quiz!

Statistiques générales

  • Ce quiz a été pris 184 058 fois
    (131 524 depuis la dernière actualisation)
  • Le résultat moyen est 40 sur 118

Statistiques - réponses

ZSymboleÉlément% Correct
1HHydrogène
93%
8OOxygène
93%
6CCarbone
88%
79AuOr
84%
26FeFer
84%
2HeHélium
82%
7NAzote
80%
47AgArgent
79%
11NaSodium
72%
29CuCuivre
72%
17ClChlore
69%
19KPotassium
68%
92UUranium
67%
12MgMagnésium
67%
13AlAluminium
67%
3LiLithium
64%
20CaCalcium
64%
10NeNéon
62%
9FFluor
61%
16SSoufre
59%
18ArArgon
58%
30ZnZinc
58%
5BBore
55%
14SiSilicium
53%
15PPhosphore
52%
25MnManganèse
51%
4BeBéryllium
50%
54XeXénon
49%
94PuPlutonium
48%
82PbPlomb
48%
80HgMercure
47%
35BrBrome
44%
53IIode
43%
28NiNickel
43%
22TiTitane
42%
24CrChrome
42%
78PtPlatine
41%
87FrFrancium
41%
27CoCobalt
41%
36KrKrypton
41%
88RaRadium
40%
84PoPolonium
39%
50SnÉtain
38%
99EsEinsteinium
37%
32GeGermanium
36%
31GaGallium
35%
86RnRadon
35%
33AsArsenic
34%
74WTungstène
33%
46PdPalladium
31%
34SeSélénium
31%
96CmCurium
29%
55CsCésium
29%
23VVanadium
28%
56BaBaryum
27%
51SbAntimoine
27%
38SrStrontium
27%
40ZrZirconium
26%
98CfCalifornium
25%
37RbRubidium
25%
77IrIridium
25%
95AmAmericium
25%
21ScScandium
25%
48CdCadmium
24%
93NpNeptunium
24%
83BiBismuth
23%
39YYttrium
22%
49InIndium
22%
73TaTantale
22%
42MoMolybdène
21%
85AtAstate
21%
63EuEuropium
21%
52TeTellure
20%
45RhRhodium
20%
81TlThallium
19%
57LaLanthane
19%
101MdMendelevium
19%
103LrLawrencium
18%
90ThThorium
18%
76OsOsmium
18%
104RfRutherfordium
17%
102NoNobelium
17%
58CeCérium
17%
43TcTechnétium
17%
89AcActinium
17%
68ErErbium
17%
41NbNiobium
16%
44RuRuthénium
16%
112CnCopernicium
16%
115McMoscovium
15%
100FmFermium
15%
107BhBohrium
15%
60NdNéodyme
15%
118OgOganesson
15%
72HfHafnium
15%
70YbYtterbium
15%
75ReRhénium
14%
97BkBerkelium
14%
71LuLutécium
14%
117TsTennesse
14%
64GdGadolinium
14%
59PrPraséodyme
13%
62SmSamarium
13%
65TbTerbium
13%
91PaProtactinium
12%
106SgSeaborgium
12%
69TmThulium
12%
105DbDubnium
11%
108HsHassium
11%
110DsDarmstadtium
11%
61PmProméthium
11%
67HoHolmium
11%
66DyDysprosium
10%
113NhNihonium
10%
114FlFlérovium
10%
116LvLivermorium
10%
109MtMeitnérium
9%
111RgRoentgenium
9%

Distribution des résultats

Percentile par nombre de réponses

% des personnes avec chaque résultat

Votre développement - résultats

Vous n’avez pas pris ce quiz depuis la dernière actualisation